Statistics for Top 10 Arsenal PL appearances

Click here to take the quiz!

General Stats

  • This quiz has been taken 31 times
  • The average score is 6 of 10

Answer Stats

HintAnswer% Correct
258Henry
100%
255Adams
93%
325Seaman
70%
315Bergkamp
67%
279Vieira
59%
305Dixon
56%
270Winterburn
52%
262Walcott
52%
333Parlour
41%
225Toure
26%

Score Distribution

Percentile by Number Answered

Percent of People with Each Score

Your Score History

You have not taken this quiz